00883 2200301 4500001002100000005001500021035002000036007000300056008004100059040001700100100001900117245010800136250001000244300005800254020002200312041000800334082001200342084001800354090001800372260004100390700002900431850001000460600001500470990002400485990002400509990002400533990002400557INLIS00000000000209420260603102507 a0010-0120000537ta260603 0  aSBPUPADbind0 aIbunda Suparni1 aHerbal Bali :bKhasiat dan Ramuan Tradisional Asli Dari Bali /cIbunda Suparni;Editor:Th.Arie Prabawati aEd. 1 ax, 241 hlm. :bilus ;c21cmeBibliografi, hlm 242-246 a978-979-29-6083-907aind a615.321 a615.321 IBU h a371 YUS m 3-5 aYogyakarta :bRapha Publising,c20170 aEditor:Th.Arie Prabawati aPUPAD 4aKedokteran a34.191/DAK/DPK/2019 a34.192/DAK/DPK/2019 a34.193/DAK/DPK/2019 a34.194/DAK/DPK/2019